00436nam a22001577a 450000500170000001000150001702000260003203500140005803700090007208200100008124500540009125000180014526000670016327000180023030000300024820240619123406.0 aENG-140641 c749.00a9789357056465 aEN-124173 bDBAD a670.4 aMastering Beats In Journalism/cby Surbhi Dhaiya  a12fth edition aUttar PradeshbPearson India Education Services Pvt. Ltdc2023 bNoidae201301 axlviii; 552p. :c23cm(Pb)